Language Quiz

Random Language or Letter Quiz

Isogram State Names Quiz Stats

 Plays Quiz Updated Jun 6, 2018

Score 0/9 Timer 02:00
2 Plays Today
State Name % Correct
Florida
88.6%
Maine
86%
Texas
85.2%
Iowa
76.2%
New York
76.1%
Idaho
73.6%
Utah
71.1%
Vermont
70%
Wyoming
55.8%

You're not logged in!

Compare scores with friends on all Sporcle quizzes.
OR
Log In

Sporcle TV

Today on Sporcle TV


Watch our educational content, quiz creation guides, and fun videos on Sporcle TV.

Show Comments

Extras

Top Quizzes Today


Score Distribution

Your Account Isn't Verified!

In order to create a playlist on Sporcle, you need to verify the email address you used during registration. Go to your Sporcle Settings to finish the process.

Report this User

Report this user for behavior that violates our Community Guidelines.

Details: